Responses for Show #3836 - Monday, April 16, 2001

Larry Cloud game 3.

Contestants

[<< previous game]

Jeremy Golden, a stay-at-home dad from Plano, Texas

Kimberley Nash, a media planner from Toronto, Ontario

Larry Cloud, a computer consultant from Inglewood, California (whose 2-day cash winnings total $27,800)

[next game >>]

Jeopardy! Round responses

WHAT "A" COUNTRY!
TV TITLE CHARACTER PROFESSIONS
I REMEMBER APRIL
SCRAMBLED FOOD
NUMBERS
THE LOU
    $100 1
Afghanistan

Jeremy
    $100 6
Private investigator

Larry
    $100 11
(K: What is Los Angeles?)

Minneapolis

KimberleyJeremy
    $100 26
Potato chip

Larry
    $100 16
7

Kimberley
    $100 21
Lou Costello

Larry
    $200 2
Algeria

Larry
    $200 7
Secret agent

Larry
    $200 12
Fort Sumter

Larry
    $200 27
(L: What is oyster?)
(Alex: It's plural - oysters)

Oysters

LarryKimberley
    $200 17
35

Jeremy
    $200 22
Kicking field goals

Jeremy
    $300 3
(K: What is Azerbaijan?)

Armenia

LarryKimberley
    $300 8
Sportswriter

Jeremy
    $300 13
Rodney King

Larry
    $300 28
Cantaloupe

Kimberley
    $300 18
87

Jeremy
    $300 23
Emmy Lou Harris

Kimberley
    $500 4
Albania

Larry
    $400 9
Junk dealer

Jeremy
    $400 14
Rhodesia

Larry
    $400 29
Caviar

Jeremy
    $400 19
150

Larry
    $400 24
Lou Brock

Jeremy
    $500 5
Andorra

Larry
    $500 10
Basketball coach

Larry
    $500 15
Sir Laurence Olivier

Larry
    $500 30
Kielbasa

Kimberley
    $500 20
400

Triple Stumper
    $500 25
Lou Henry Hoover

Triple Stumper

Scores at the first commercial break (after clue 15):

Larry Kimberley Jeremy
$3,700 -$400 $900

Scores at the end of the Jeopardy! Round:

Larry Kimberley Jeremy
$4,100 $1,000 $2,400

Double Jeopardy! Round responses

GIANTS OF SCIENCE
ANIMAL-TITLED FILMS
CLIP ART
12-LETTER WORDS
MADE-UP HISTORIC NICKNAMES
(Alex: You have to identify the person)
THE LAW
    $200 1
Galileo

Kimberley
    $200 6
The Rat Pack

Larry
    $200 11
Compass

Larry
    $200 21
Housewarming

Jeremy
    $200 16
Albert Einstein

Larry
    $200 26
Divorce

Larry
    $400 2
George Washington Carver

Jeremy
    $400 7
The Spider Woman

Larry
    $400 12
(J: What is a natural?)

Sharp

KimberleyJeremy
    $400 22
Delicatessen

Larry
    $400 17
Julius Caesar

Larry
    $400 27
Disbar

Jeremy
    $600 3
Dr. August Mobius

Kimberley
    $600 8
Wolf

Triple Stumper
    $600 13
Circuit

Larry
    $600 23
Anthropology

Kimberley
    $600 18
Muammar Qaddafi

Jeremy
    $600 28
Exhibits

Larry
    $800 4
Max Planck

Triple Stumper
    $800 9
The Horse's Mouth

Kimberley
    $800 14
(Lunar) Module

Kimberley
    $2,000 24
(K: What is misdemeanor?)

Racketeering

Kimberley
    $2,000 19
(J: I don't know.)

Susan B. Anthony

Jeremy
    $800 29
Waive

Kimberley
    $1000 5
Edward Teller

Larry
    $1000 10
Coyote Ugly

Larry
    $1000 15
Dentistry

Jeremy
    $1000 25
(less than a minute to go...)

Asphyxiation

Jeremy
    $1000 20
William Penn

Triple Stumper
    $1000 30
Statutes of limitations

Larry

Scores at the end of the Double Jeopardy! Round:

Larry Kimberley Jeremy
$10,300 $3,200 $3,600
(lock game)

[wagering suggestions for these scores]

Final Jeopardy! Round responses

TOYS & GAMES
KimberleyWhat is Monopoly?
$3,199
JeremyWhat is ?
$3,000
LarryWhat is Monopoly?
$2,000
Monopoly

Final scores:

Larry Kimberley Jeremy
$12,300 $6,399 $600
3-day champion: $40,100 2nd place: Trip to Doubletree Alana Waikiki Hotel, Honolulu 3rd place: Sony Card $1,000 Shopping Spree

Game dynamics:

Coryat scores:

Larry Kimberley Jeremy
$10,200 $5,200 $5,600
26 R
(including 1 DD),
1 W
12 R,
3 W
(including 1 DD)
15 R,
2 W
(including 1 DD)

Combined Coryat: $21,000

[game clues] [game scores] [suggest correction]

Game tape date: 2001-01-31
The J! Archive is created by fans, for fans. Scraping, republication, monetization, and malicious use prohibited; this site may use cookies and collect identifying information. See terms. The Jeopardy! game show and all elements thereof, including but not limited to copyright and trademark thereto, are the property of Jeopardy Productions, Inc. and are protected under law. This website is not affiliated with, sponsored by, or operated by Jeopardy Productions, Inc. Join the discussion at JBoard.tv.